000 00624nam a2200193Ia 4500
005 20260114185554.0
008 008 260114s9999 xx 000 0 eng d
020 _a9781350211773
037 _aEBOOK
040 _aCRL
_beng
_cCRL
041 _aeng
_2eng
084 _qCRL
100 _aAntoni Kapcia
_9871708
245 2 _aA Short History of Revolutionary Cuba Revolution, Power, Authority and the State from 1959 to the Present Day
260 _bBloomsbury
_c2021
856 _uhttps://doi.org/10.5040/9781350211773?locatt=label:secondary_bloomsburyCollections
942 _cEBOOK
999 _c1470656
_d1470656